Código de comercio de 1885 : (Record no. 44538)

MARC details
000 -LEADER
campo de control de longitud fija 01236nam a2200277 i 4500
001 - NÚMERO DE CONTROL
campo de control 44538
003 - IDENTIFICADOR DE NÚMERO DE CONTROL
campo de control ES-MaACL
005 - FECHA Y HORA DE LA ÚLTIMA TRANSACCIÓN
campo de control 20250827062601.0
007 - CAMPO FIJO DE DESCRIPCIÓN FÍSICA--INFORMACIÓN GENERAL
campo de control de longitud fija t|
008 - DATOS DE LONGITUD FIJA--INFORMACIÓN GENERAL
campo de control de longitud fija 030321s1886 sp ||||1| spa d
080 ## - NÚMERO DE LA CLASIFICACIÓN DECIMAL UNIVERSAL
Número de la Clasificación Decimal Universal 347.7(460)"1885"(094.4)
110 1# - ENTRADA PRINCIPAL--NOMBRE DE ENTIDAD CORPORATIVA
Nombre de entidad corporativa o nombre de jurisdicción como elemento de entrada España
9 (RLIN) 3622
240 10 - TÍTULO UNIFORME
Título uniforme Código de comercio, 1885
245 10 - MENCIÓN DEL TÍTULO
Título Código de comercio de 1885 :
Resto del título comentado y concordado con el anterior y los extranjeros por la redacción de la Revista general de legislación y jurisprudencia.
260 ## - PUBLICACIÓN, DISTRIBUCIÓN, ETC.
Lugar de publicación, distribución, etc. Madrid :
Nombre del editor, distribuidor, etc. [s.n.],
Fecha de publicación, distribución, etc. 1886 (
Fabricante Imp. de la Revista de Legislación, a cargo de M. Ramos)
300 ## - DESCRIPCIÓN FÍSICA
Extensión 2 v. (XVI, 630 ; XVI, 647 p.) ;
Dimensiones 22 cm.
490 1# - MENCIÓN DE SERIE
Mención de serie Biblioteca jurídica de la Revista general de legislación y jurisprudencia
530 ## - NOTA DISPONIBLE DE FORMULARIO FÍSICO ADICIONAL
Nota de formato físico adicional disponible Disponible en formato digital.
650 #4 - PUNTO DE ACCESO ADICIONAL DE MATERIA--TÉRMINO DE MATERIA
Término de materia o nombre geográfico como elemento de entrada Derecho mercantil-
Subdivisión geográfica España-
Subdivisión cronológica S.XIX.
9 (RLIN) 139158
650 #4 - PUNTO DE ACCESO ADICIONAL DE MATERIA--TÉRMINO DE MATERIA
Término de materia o nombre geográfico como elemento de entrada Derecho mercantil-
Subdivisión geográfica Europa.
9 (RLIN) 154856
710 2# - ENTRADA AGREGADA--NOMBRE DE ENTIDAD CORPORATIVA
Nombre de entidad corporativa o nombre de jurisdicción como elemento de entrada Revista General de Legislación y Jurisprudencia.
9 (RLIN) 6446
830 1# - PUNTO DE ACCESO ADICIONAL DE SERIE-TÍTULO UNIFORME
Título uniforme Biblioteca jurídica de la Revista general de legislación y jurisprudencia
9 (RLIN) 182502
852 4# - LOCALIZACIÓN
Ubicación ES-MaACL
Número de control de estantería G-14833-34
856 4# - LOCALIZACIÓN Y ACCESO ELECTRÓNICOS
Identificador Uniforme de Recursos <a href="http://bdh-rd.bne.es/viewer.vm?id=0000137152&page=1 ">http://bdh-rd.bne.es/viewer.vm?id=0000137152&page=1 </a>
Nota pública Biblioteca Digital Hispánica
Holdings
Estatus retirado Estado de pérdida Estado de daño No para préstamo Colección Biblioteca de origen Biblioteca actual Ubicación en estantería Fecha de adquisición Fuente de adquisición Total de préstamos Signatura topográfica completa Código de barras Visto por última vez Precio de reemplazo Tipo de ítem Koha
        Colección digital Biblioteca del Ateneo de Madrid Biblioteca del Ateneo de Madrid Sala Pecera Planta 3 17/01/2008     G-14833-34 1046877 23/02/2023 23/02/2023 Libro impreso antiguo